000 01367cam a2200325 a 4500
090 _c0
001 12709190
005 20040621203126.0
008 020318s2002 nyua b 001 0 eng d
010 _a2002278950
015 _aGBA1-U8276
020 _a0471209821
035 _a(OCoLC)ocm48362732
040 _aUKM
_cUKM
_dTXH
_dIXA
_dDLC
042 _alccopycat
050 0 0 _aHG4652
_b.W66 2002
082 0 0 _a332.632
_221
_bWOO
100 1 _aWoodson, Hart.
245 1 0 _aGlobal Convertible Investing :
_bThe Gabelli Way /
_cHart Woodson.
260 _aNew York :
_bJohn Wiley & sons,
_cc2002.
300 _axxx, 338 p. :
_bill. ;
_c24 cm.
504 _aIncludes bibliographical references (p. 327-330) and index.
650 0 _aConvertible securities.
856 4 2 _3Contributor biographical information
_uhttp://www.loc.gov/catdir/bios/wiley044/2002278950.html
856 4 2 _3Publisher description
_uhttp://www.loc.gov/catdir/description/wiley036/2002278950.html
856 4 1 _3Table of contents
_uhttp://www.loc.gov/catdir/toc/wiley022/2002278950.html
942 _2ddc
_cBB
999 _c10533
_d10533